| 000 | 00680nam a2200205Ii 4500 | ||
|---|---|---|---|
| 003 | JO-AjNU | ||
| 008 | 230606s9999||||xx |||||||||||||| ||und|| | ||
| 017 | _a2001/3/538 | ||
| 040 |
_aJO-AjNU _beng _erda _cJO-AjNU |
||
| 041 | _aeng | ||
| 050 | 1 | 4 | _aDS154.55.Q42 2005 |
| 100 | 3 |
_aAl -Tall Ahmad Yousef, _eauthor _92738 |
|
| 245 | 0 | 0 | _aKing Hussein’s Legacy: the components of king Hussein,s policy and its impact on the Economic development of jordan 1953-1990 |
| 264 | 3 | 1 | _aAmman: 2005 |
| 300 | _a167p | ||
| 336 |
_atext _btxt _2rdacontent |
||
| 337 |
_aunmediated _bn _2rdamedia |
||
| 338 |
_avolume _bnc _2rdacarrier |
||
| 650 | 4 |
_aKing Hussein’s-history 1953-1990 _92739 |
|
| 999 |
_aE1433 _c1433 _d1433 |
||